MARC

LEADER 00000nam0a2200000 4500
001 301159
005 20231102001355.0
020 |a RU  |b 83-13994 
035 |a (RuTPU)RU\TPU\book\326312 
090 |a 301159 
100 |a 20150724d1983 km y0rusy5003 ca 
101 0 |a rus 
102 |a RU 
105 |a a z 001zy 
200 1 |a Борьба с пылевыделением в шахтах  |f Б. Ф. Кирин, В. П. Журавлев, Л. И. Рыжих 
210 |a Москва  |c Недра  |d 1983 
215 |a 213 с.  |c ил. 
320 |a Библиогр.: с. 209- 211 
606 1 |a Угольные шахты  |x Борьба с пылью  |2 stltpush  |3 (RuTPU)RU\TPU\subj\62788  |9 79855 
610 1 |a пылеобразование 
610 1 |a запыленность 
610 1 |a пылеаэродинамика 
610 1 |a горные выработки 
610 1 |a увлажнение 
610 1 |a угольные пласты 
610 1 |a диспергированные жидкости 
610 1 |a пылеочистка 
610 1 |a очистные выработки 
675 |a 622.807  |v 3 
700 1 |a Кирин  |b Б. Ф.  |g Борис Филиппович 
701 1 |a Журавлев  |b В. П.  |g Вильям Павлович 
701 1 |a Рыжих  |b Л. И.  |g Леонид Иванович 
801 0 |a RU  |b RuMRKP  |c 19950704  |g psbo 
801 1 |a RU  |b 63413507  |c 20150724 
801 2 |a RU  |b 63413507  |c 20190605  |g RCR 
942 |c BK